Animal dads / (Record no. 9123)

MARC details
000 -LEADER
fixed length control field 01235pam a2200373 a 4500
001 - CONTROL NUMBER
control field 9123
003 - CONTROL NUMBER IDENTIFIER
control field FISKH
005 - DATE AND TIME OF LATEST TRANSACTION
control field 20251124102351.0
008 - FIXED-LENGTH DATA ELEMENTS--GENERAL INFORMATION
fixed length control field 960522s1997 maua b 000 0 eng
010 ## - LIBRARY OF CONGRESS CONTROL NUMBER
LC control number 96022171
020 ## - INTERNATIONAL STANDARD BOOK NUMBER
International Standard Book Number 0395836212
020 ## - INTERNATIONAL STANDARD BOOK NUMBER
International Standard Book Number 9780439195683
020 ## - INTERNATIONAL STANDARD BOOK NUMBER
International Standard Book Number 9780395836217
035 ## - SYSTEM CONTROL NUMBER
System control number 2579452
040 ## - CATALOGING SOURCE
Original cataloging agency DLC
Transcribing agency DLC
Modifying agency DLC
Language of cataloging eng
050 00 - LIBRARY OF CONGRESS CALL NUMBER
Classification number QL762
Item number .C64 1997
082 00 - DEWEY DECIMAL CLASSIFICATION NUMBER
Classification number 591.56
Edition number 20
100 1# - MAIN ENTRY--PERSONAL NAME
Personal name Collard, Sneed B.
245 10 - TITLE STATEMENT
Title Animal dads /
Statement of responsibility, etc. Sneed B. Collard III ; illustrated by Steve Jenkins.
260 ## - PUBLICATION, DISTRIBUTION, ETC.
Place of publication, distribution, etc. Boston :
Name of publisher, distributor, etc. Houghton Mifflin,
Date of publication, distribution, etc. 1997.
300 ## - PHYSICAL DESCRIPTION
Extent 1 v. (unpaged) :
Other physical details col. ill. ;
Dimensions 26 cm.
505 ## - FORMATTED CONTENTS NOTE
Formatted contents note S<br/>
520 ## - SUMMARY, ETC.
Summary, etc. Illustrations and simple text describe how the males of different species help take care of their young.
521 8# - TARGET AUDIENCE NOTE
Target audience note 790<br/>
Source Lexile AD<br/>
521 8# - TARGET AUDIENCE NOTE
Target audience note S<br/>
Source Raz-Plus<br/>
650 #0 - SUBJECT ADDED ENTRY--TOPICAL TERM
Topical term or geographic name entry element Parental behavior in animals
Form subdivision Juvenile literature.
650 #1 - SUBJECT ADDED ENTRY--TOPICAL TERM
Topical term or geographic name entry element Parental behavior in animals.
650 #1 - SUBJECT ADDED ENTRY--TOPICAL TERM
Topical term or geographic name entry element Animal behavior.
655 #7 - INDEX TERM--GENRE/FORM
Genre/form data or focus term Literature.
Source of term lcgft
Authority record control number or standard number https://id.loc.gov/authorities/genreForms/gf2014026415
700 1# - ADDED ENTRY--PERSONAL NAME
Personal name Jenkins, Steve,
Dates associated with a name 1952-2021,
Relator term illustrator
906 ## - LOCAL DATA ELEMENT F, LDF (RLIN)
a 7
b cbc
c orignew
d 1
e ocip
f 19
g y-gencatlg
942 ## - ADDED ENTRY ELEMENTS (KOHA)
Source of classification or shelving scheme Dewey Decimal Classification
Koha item type Books
Suppress in OPAC No
Holdings
Withdrawn status Lost status Source of classification or shelving scheme Damaged status Not for loan Collection Home library Current library Shelving location Date acquired Total Checkouts Full call number Barcode Date last seen Copy number Price effective from Koha item type
    Dewey Decimal Classification     Non-Fiction Footprints International School Library Network Toul Tom Poung Campus Footprints International School Library Network Toul Tom Poung Campus TTP Secondary Non-Fiction Bookshelves 11/24/2025   COL 591.56 QL762 .C64 FIS01194 11/24/2025 1 11/24/2025 Books